000 00546nam a2200193Ia 4500
005 20250507130203.0
008 008 250505s9999 xx 000 0 eng d
037 _aSeries Article
040 _aEASL
_beng
_cEASL
041 _aeng
_2eng
084 _qEASL
100 _aSand Jordan
245 0 _aLiving with uncertainty after March 11, 2011
260 _aUSA
_bAnn Arbor Association of Asian Studies U.S.A.
_c2012
300 _a313-318
650 _aAnthropology; Asia
_9755022
942 _cSRA
999 _c1318206
_d1318206